MARC details
| 000 -LÍDER |
| campo de controle de tamanho fixo |
02365nam a2200337 4500 |
| 001 - NÚMERO DE CONTROLE |
| campo de controle |
52 |
| 003 - IDENTIFICADOR DO NÚMERO DE CONTROLE |
| campo de controle |
OSt |
| 005 - DATA E HORÁRIO DA ÚLTIMA TRANSAÇÃO |
| campo de controle |
20250528074010.0 |
| 008 - CAMPO DE DADOS FIXOS--INFORMAÇÃO GERAL |
| campo de controle de tamanho fixo |
250122b |||||||e |||| 00| 1 eng d |
| 040 ## - FONTE DA CATALOGAÇÃO |
| Idioma da catalogação |
por |
| 041 ## - CÓDIGO DE IDIOMA |
| Código do idioma do original e/ou traduções intermediárias do texto |
spa |
| Código do idioma do texto/trilha sonora ou título diferente |
por |
| 082 ## - CDD - CLASSIFICAÇÃO DECIMAL DE DEWEY |
| Número de Classificação |
863 |
| Número do exemplar |
B467c |
| 100 1# - ENTRADA PRINCIPAL--NOME PESSOAL |
| Nome pessoal |
Benítez, J. J., |
| Datas associadas ao nome |
1946- |
| 9 (RLIN) |
143 |
| 240 ## - TÍTULO UNIFORME |
| Título uniforme |
Caballo de Troya 3 |
| 245 ## - TÍTULO |
| Título |
Operação Cavalo de Troia: |
| Restante do título |
Kennereth / |
| Indicação de responsabilidade, etc. |
Benitez, J. J. ; Tradução de Herminio Tricca |
| 260 ## - PUBLICAÇÃO, DISTRIBUIÇÃO, ETC. |
| Local de publicação, distribuição, etc. |
São Paulo |
| Nome do editor, distribuidor, etc. |
Mercuryo |
| Data da publicação, distribuição, etc. |
1989 |
| 300 ## - DESCRIÇÃO FÍSICA |
| Extensão |
456 p. |
| 490 1# - TÍTULO DA SÉRIE |
| Título da série |
Cavalo de Troia |
| Número do volume ou designação sequencial da série |
vol. 03 |
| 500 ## - NOTA GERAL |
| Nota geral |
Cavalo de Troia Sadan |
| 520 ## - NOTA DE RESUMO, ETC. |
| Resumo, etc. |
"Cavalo de Tróia 3 : Kennereth" é a transcrição da terceira parte do diário do major da Força Aérea dos Estados Unidos a que J. J. Benítez teve acesso com exclusividade em 1980. Neste documento, o major relata sua volta no tempo e sua visita à Palestina de Jesus de Nazaré. A passagem transcrita neste volume apresenta novas aparições do Nazareno a seus discípulos, às margens do Tiberíades, em Saidan, com a minuciosa análise do "Corpo Glorioso", o misterioso corpo ressuscitado do rabi. O major entrevista Maria e descobre muitos detalhes desconhecidos sobre a assombrosa "vida oculta" do filho de Deus, em passagens surpreendentes que não foram nem mesmo mencionadas pelos evangelistas sobre a infância e a adolescência de Jesus, os chamados "anos ocultos". Trata-se de um período essencial para se compreender sua "vida pública", seus propósitos e, assim, fazer encaixar as peças de sua complexa, agitada e sempre fascinante etapa de predicação, ou seja, a singular passagem do Filho do Homem sobre à terra. Ao contrário dos demais jovens de Nazaré, em sua mente fervilhavam grandes ideias. Uma delas, sobretudo, continuava germinando obscura e silenciosamente: "Iluminar a humanidade. Falar aos homens sobre o Pai celestial". As dúvidas eram muitas no princípio… Quem era realmente? O que significava o Pai do céu para Ele? Qual era exatamente sua missão? O que lhe reservava o Destino? |
| 650 #0 - ASSUNTO--TERMO TÓPICO |
| Cabeçalho tópico ou nome geográfico |
Literatura espanhola |
| 9 (RLIN) |
144 |
| 650 #0 - ASSUNTO--TERMO TÓPICO |
| Cabeçalho tópico ou nome geográfico |
Ficção Científica |
| 9 (RLIN) |
63 |
| 650 #0 - ASSUNTO--TERMO TÓPICO |
| Cabeçalho tópico ou nome geográfico |
Viagem no tempo |
| 9 (RLIN) |
145 |
| 650 #0 - ASSUNTO--TERMO TÓPICO |
| Cabeçalho tópico ou nome geográfico |
Ação |
| 9 (RLIN) |
64 |
| 650 #0 - ASSUNTO--TERMO TÓPICO |
| Cabeçalho tópico ou nome geográfico |
Religião |
| 9 (RLIN) |
100 |
| 655 #0 - TERMO DE ÍNDICE--GÊNERO E FORMA |
| Gênero/forma/ou termo foco |
Romance |
| 655 #0 - TERMO DE ÍNDICE--GÊNERO E FORMA |
| Gênero/forma/ou termo foco |
Ficção |
| 700 ## - ENTRADA ADICIONADA - NOME PESSOAL |
| Nome pessoal |
Herminio Tricca |
| Função do autor por extenso |
Tradutor |
| 9 (RLIN) |
146 |
| 830 ## - ENTRADA SECUNDÁRIA DE SÉRIE--TÍTULO UNIFORME |
| Título uniforme |
Cavalo de Troia |
| Número do volume ou designação sequencial da série |
vol. 03 |
| 9 (RLIN) |
147 |
| 942 ## - ELEMENTOS DE ENTRADA ADICIONADOS (KOHA) |
| Fonte de classificação ou esquema de arquivamento |
Classificação decimal de Dewey |
| Ocultar no OPAC |
Não |
| Tipo de material Koha |
Livros |